00874nam a22001935i 4500001000700000003000900007005001700016008004100033040003000074100003100104245011700135260012000252300002200372651002600394752002400420852009100444999001900535952012600554154192ES-MaACL20230906205547.0990315s1857 fr |||| | fre d aCCPB | B bspa cCCPB | B0 aMichel, Francisque.98089213aLe Pays Basque b: sa population sa langue, ses moeurs sa littérature et sa musique / cpar Francisque-Michel. aParis : bLibrairie de Firmin Didot Frères, Fils et Cie ; aLondres ; aEdimbourg : bWilliams & Norgate, c1857. a547 p. ; c22 cm. 4aPaís Vasco.9137299 aFrancia - dParís aES-MaACLjG-11717 z-- Enc. hol. x-- Edic: Completar T260: (Bordeaux: G. Gonnouillon) c154192d154192 001040708LIBXIXaATENEOMbATENEOMcSPP3d2008-01-17eSSCl0oG-11717p1161231r2023-02-23 00:00:00w2023-02-23yMONANT